• 首页
  • 本馆介绍
  • 公告通知
  • 最新文献
  • 馆藏检索
  • 电子资源
  • 读者导购
  • 参考咨询
  • 我的图书馆
  • 登录
  • 详细信息显示
  • 放入我的书架
  • 预约/预借图书
  • 作者相关作品
  • 分类相关作品
  • 丛书相关作品
  • 出版社相关作品

书目信息

  • 表格格式
  • 工作单格式
  • 卡片格式
题名:
无机及分析化学学习指导书
    
 
作者: 田荷珍 主编
分册:  
出版信息: 北京   高等教育出版社  1988.4
页数: 314页
开本: 20厘米
丛书名:
单 册:
中图分类: O653
科图分类:
主题词: 无机化学--高等学校--教学参考资料 , 分析化学--高等学校--教学参考资料
电子资源:
ISBN: 7-04-000998-6
000 00760nam0 2200229 45
001 0188020816
005 20070726151650.07
010    @a7-04-000998-6@dCNY4.40
100    @a19910417d1988 em y0chiy0120 ea
101 0  @achi
102    @aCN@b110000
105    @a jz 000yy
200 10 @a无机及分析化学学习指导书@Awu ji ji fen xi hua xue xue xi zhi dao shu@f田荷珍主编@Ftian he zhen zhu bian
210    @a北京@c高等教育出版社@d1988.4
215    @a314页@d20厘米
540 1  @a无机及分析化学学习指导书@Awu ji ji fen xi hua xue xue xi zhi dao shu
606    @a无机化学@x高等学校@x教学参考资料
606    @a分析化学@x高等学校@x教学参考资料
690    @aO653@v4
701  0 @a田荷珍@Atian he zhen@4主编
801  0 @aCN@bTSSF@c20070726
905    @a10447@dO653@e51
    
    无机及分析化学学习指导书/田荷珍主编.-北京:高等教育出版社,1988.4
    314页;20厘米
    
    
    ISBN 7-04-000998-6:CNY4.40
    
●
相关链接 在E读中查询图书 在五车中查询图书 在当当中查询图书 在豆瓣中查询图书


正题名:无机及分析化学学习指导书     索取号:O653/51         预约/预借

序号 登录号 条形码 馆藏地/架位号 状态 备注
1 0769189   207691899   第二样本阅览室/ [索取号:O653/51] 在馆    
唐山师范学院图书馆 欢迎您!
大连网信软件有限公司© 版权所有